Second report on progress in manchuria to 1930
Saved in:
| Format: | Book |
|---|---|
| Language: | Undetermined |
| Published: |
Dairen
South Manchuria Railway
1931
|
| Subjects: | |
| Tags: |
Add Tag
No Tags, Be the first to tag this record!
|
| Institutions: | Trung tâm Học liệu Trường Đại học Cần Thơ |
|---|
| LEADER | 00428nam a2200157Ia 4500 | ||
|---|---|---|---|
| 001 | CTU_107040 | ||
| 008 | 210402s9999 xx 000 0 und d | ||
| 082 | |a 951.03 | ||
| 082 | |b S445 | ||
| 245 | 0 | |a Second report on progress in manchuria to 1930 | |
| 260 | |a Dairen | ||
| 260 | |b South Manchuria Railway | ||
| 260 | |c 1931 | ||
| 650 | |a Manchuria | ||
| 904 | |i Tuyến | ||
| 980 | |a Trung tâm Học liệu Trường Đại học Cần Thơ | ||